000 00763nam a2200217 i 4500
001 68243
003 ES-MaACL
005 20230906170231.0
007 t|
008 040611s1964 sp ||||1| spa d
100 1 _aGonzález García, Vicente José.
_954103
245 1 0 _aSancta Ovetensis
_b: (Principado de Asturias) /
_cVicente José G. García ; prólogo del... Sr. Dn. José Mª Fernández Buelta.
260 _aOviedo :
_b[s.n.],
_c1964.
300 _a2 v. ;
_c24 cm.
490 1 _aSancta Ovetensis ;
_v1-2
651 4 _aAsturias (Comunidad Autónoma)-
_xHistoria.
_9153455
700 1 _aFernández Buelta, José María.
_9166584
830 0 _aSancta Ovetensis ;
_v1-2
_9193248
852 _aES-MaACL
_jP-528-bis-1-2
_bR.55425
999 _c68243
_d68243